| 000 | 00363nam a2200109Ia 4500 | ||
|---|---|---|---|
| 008 | 171204s9999 xx 000 0 und d | ||
| 245 | 4 | _aThe Oxford Handbook of Education and Training in Professional Psychology: | |
| 245 | _cW. Brad Johnson | ||
| 260 | _c2014 | ||
| 650 | _xPRF Ed 14: Teaching Profession | ||
| 856 | _uhttp://down.ebook777.com/053/9780199874019.pdf | ||
| 999 |
_c345857 _d345857 |
||